Word Ladder: Turn That Frown Upside Down Quiz Stats

 Plays Quiz Updated Aug 24, 2019

Score 0/12 Timer 01:30
0 Plays Today
Hint Three Letter Word % Correct
Unhappy⋆ SAD ⋆
99.6%
Angry⋆ MAD ⋆
98.5%
Rested on a chairSAT
97.4%
Japanese currencyYEN
95.4%
Three-squared plus oneTEN
94.2%
Child's playthingTOY
93.1%
Made the acquaintance of someoneMET
93.1%
Happiness⋆ JOY ⋆
91.5%
Put in a specified positionSET
91.5%
A lotTON
90.1%
Feeling neutral, lacking strong emotion⋆ MEH ⋆
68.2%
Accented form of 'you' for HagridYEH
66.6%

Today's Daily Dose

You're not logged in!

Compare scores with friends on all Sporcle quizzes.
OR
Log In

Sporcle TV

Today on Sporcle TV


Watch our educational content, quiz creation guides, and fun videos on Sporcle TV.

Show Comments

Extras

Top Quizzes Today


Score Distribution

Your Account Isn't Verified!

In order to create a playlist on Sporcle, you need to verify the email address you used during registration. Go to your Sporcle Settings to finish the process.

Report this User

Report this user for behavior that violates our Community Guidelines.

Details: